| 000 | 01685nas a2200397 i 4500 | ||
|---|---|---|---|
| 001 | 1512 | ||
| 003 | ES-MaACL | ||
| 005 | 20250805045002.0 | ||
| 007 | t| | ||
| 008 | 950801d18571869sp w|yp | 1 |spa d | ||
| 022 | _a1889-8440 | ||
| 080 | _a7/8 | ||
| 245 | 0 | 3 |
_aEl Museo universal / _c[dir., José Gaspar]. |
| 246 | 3 |
_iSubtít. de cub. : _aperiódico de ciencias, literatura, artes, industria y conocimientos útiles... |
|
| 260 |
_aMadrid : _bGaspar y Roig, _c1857-1869. |
||
| 300 |
_av. : _bil. ; _c35 cm. |
||
| 310 |
_aSemanal, _ben. 1860-nov. 1869 |
||
| 321 |
_aQuincenal, _b1857-59 |
||
| 362 | 0 | _aAño 1, n. 1 (15 en. 1857)-año 13, n. 48 (28 nov. 1869) | |
| 530 | _aDisponible en formato digital. | ||
| 555 | _aelaborados por Elena Páez Ríos en: Colección de índices de publicaciones periódicas, v. 13. | ||
| 650 | 7 |
_aCultura _2embne _9170963 |
|
| 655 | 7 |
_2tgfbne _9226866 _aRevistas |
|
| 700 | 1 |
_aGaspar Maritany, José. _9166076 |
|
| 700 | 1 |
_aCarlos, Abelardo de, _d1822-1884 _9166077 |
|
| 700 | 1 |
_aCobos, Francisco Javier, _d1831-1909 _9166078 |
|
| 785 | 0 | 0 |
_tLa Ilustración española y americana = _xISSN 1889-8394 |
| 787 | 0 |
_038304 _w38304 _tCalendario del Museo universal = _xISSN 1889-8459 |
|
| 787 | 0 |
_tAlmanaque literario del Museo universal _xISSN 1889-8467 |
|
| 852 | 4 |
_aES-MaACL _jZ-21 _xOlim: Hem-1542 |
|
| 856 | 4 |
_uhttp://hemerotecadigital.bne.es/details.vm?o=&w=1889-8440&f=issn&l=500 _zHemeroteca Digital |
|
| 856 | 4 |
_uhttp://prensahistorica.mcu.es/es/consulta/registro.cmd?id=6108 _zBiblioteca Virtual de Prensa Histórica |
|
| 866 | 0 | _o1857-1860, 1862-1967, 1869 | |
| 942 |
_2udc _cMONOGRAFIA _n0 |
||
| 999 |
_c1512 _d1512 |
||